NFL Coach of the Year - Statistics

General Stats
  • This quiz has been taken 38 times
  • The average score is 32 of 69
Answer Stats
Year Team Coach % Correct
2011 SF Jim Harbaugh
100%
2019 BAL John Harbaugh
100%
2010 NE Bill Belichick
97%
2007 NE Bill Belichick
97%
2003 NE Bill Belichick
97%
2022 NYG Brian Daboll
90%
2021 TEN Mike Vrabel
90%
2006 NO Sean Payton
90%
2023 CLE Kevin Stefanski
87%
2020 CLE Kevin Stefanski
87%
2017 LAR Sean McVay
87%
2024 MIN Kevin O'Connell
80%
1966 DAL Tom Landry
73%
2002 PHI Andy Reid
70%
2005 CHI Lovie Smith
70%
2018 CHI Matt Nagy
70%
1988 CHI Mike Ditka
70%
1985 CHI Mike Ditka
70%
2008 ATL Mike Smith
70%
2015 CAR Ron Rivera
70%
2013 CAR Ron Rivera
70%
1959 GB Vince Lombardi
70%
2016 DAL Jason Garrett
67%
1990 DAL Jimmy Johnson
67%
1994 NE Bill Parcells
63%
1986 NYG Bill Parcells
63%
2014 ARI Bruce Arians
63%
2012 IND Bruce Arians
63%
1992 PIT Bill Cowher
53%
1981 SF Bill Walsh
53%
1972 MIA Don Shula
50%
1968 BAL Don Shula
50%
- BAL Don Shula
50%
1964 BAL Don Shula
50%
1983 WAS Joe Gibbs
50%
1982 WAS Joe Gibbs
50%
2009 CIN Marvin Lewis
50%
1999 STL Dick Vermeil
43%
2004 SD Marty Schottenheimer
43%
1970 CIN Paul Brown
40%
1998 ATL Dan Reeves
37%
1993 NYG Dan Reeves
37%
1969 MIN Bud Grant
30%
1996 CAR Dom Capers
23%
1965 CHI George Halas
23%
1963 CHI George Halas
23%
1958 BAL Weeb Ewbank
20%
1984 SEA Chuck Knox
17%
1980 BUF Chuck Knox
17%
1973 LAR Chuck Knox
17%
1971 WAS George Allen
17%
1967 LAR George Allen
17%
1977 DEN Red Miller
17%
1991 DET Wayne Fontes
17%
1957 DET George Wilson
13%
1997 NYG Jim Fassel
13%
1987 NO Jim Mora
13%
1995 PHI Ray Rhodes
13%
1962 NYG Allie Sherman
10%
1961 NYG Allie Sherman
10%
2001 CHI Dick Jauron
10%
2000 NO Jim Haslett
10%
1989 GB Lindy Infante
10%
1960 PHI Buck Shaw
7%
1974 STL Don Coryell
7%
1976 CLE Forrest Gregg
7%
1979 WAS Jack Pardee
7%
1978 SEA Jack Patera
7%
1975 BAL Ted Marchibroda
7%
No matching quizzes found
Score Distribution
Percent of People with Each Score
Percentile by Number Answered
Your Score History
You have not taken this quiz